Tiffany Investments Ltd and another v Bircham and Co Nominees (No2) and others (Record no. 74058)
[ view plain ]
| 000 -LEADER | |
|---|---|
| fixed length control field | 02042cab a2200325 4500 |
| 001 - CONTROL NUMBER | |
| control field | ABS67438 |
| 008 - FIXED-LENGTH DATA ELEMENTS--GENERAL INFORMATION | |
| fixed length control field | 031223n2003 000 0 eng u |
| 035 ## - SYSTEM CONTROL NUMBER | |
| System control number | (Sirsi) u124843 |
| 245 ## - TITLE STATEMENT | |
| Title | Tiffany Investments Ltd and another v Bircham and Co Nominees (No2) and others |
| 260 ## - PUBLICATION, DISTRIBUTION, ETC. | |
| Date of publication, distribution, etc. | 2003 |
| 490 ## - SERIES STATEMENT | |
| Series statement | Estates Gazette |
| Volume/sequential designation | (0421) 22 May 2004, 152-169(9) |
| 520 ## - SUMMARY, ETC. | |
| Summary, etc. | [2003] EWCA Civ 1759, 4 December 2003. Appeal from HC decision ([2003] EWHC 143 (Ch), Abs66536) decision that an equitable interest in a lease vested in the lessors (B) because the assignees (the Bailies) of a long lease had failed to perform an obligation to offer to sell their lease to B. Cl5 of the lease conferred a right of pre-emption on the lessor if ever the lessees wished to dispose of the lease. The judge concluded that under cl5 the Bailies had an obligation to offer to sell the lease to the lessors before the conclusion of the 1986 contract to sell the lease to T; that obligation was not affected by the Landlord and Tenant Act 1954 s17; due to failure to perform that obligation an equitable interest in the lease vested in the lessors in 1986 and that equitable interest had priority over any interest of T or the second appellant (C). "Held" the appeal was dismissed as the judge was correct that cl5 imposed a positive obligation on the Bailies. View www.courtservice.gov.uk. |
| 590 ## - LOCAL NOTE (RLIN) | |
| Local note | ABS |
| 590 ## - LOCAL NOTE (RLIN) | |
| Local note | ABS |
| 590 ## - LOCAL NOTE (RLIN) | |
| Local note | ABS |
| 650 ## - SUBJECT ADDED ENTRY--TOPICAL TERM | |
| Topical term or geographic name entry element | LEASES |
| 650 ## - SUBJECT ADDED ENTRY--TOPICAL TERM | |
| Topical term or geographic name entry element | INTERPRETATION |
| 650 ## - SUBJECT ADDED ENTRY--TOPICAL TERM | |
| Topical term or geographic name entry element | ASSIGNMENT OF LEASES |
| 650 ## - SUBJECT ADDED ENTRY--TOPICAL TERM | |
| Topical term or geographic name entry element | LONG TENANCIES |
| 650 ## - SUBJECT ADDED ENTRY--TOPICAL TERM | |
| Topical term or geographic name entry element | POSITIVE OBLIGATIONS |
| 650 ## - SUBJECT ADDED ENTRY--TOPICAL TERM | |
| Topical term or geographic name entry element | PRE-EMPTION RIGHTS |
| 650 ## - SUBJECT ADDED ENTRY--TOPICAL TERM | |
| Topical term or geographic name entry element | EQUITABLE INTERESTS |
| 650 ## - SUBJECT ADDED ENTRY--TOPICAL TERM | |
| Topical term or geographic name entry element | ENFRANCHISEMENT |
| 650 ## - SUBJECT ADDED ENTRY--TOPICAL TERM | |
| Topical term or geographic name entry element | SURRENDER |
| 650 ## - SUBJECT ADDED ENTRY--TOPICAL TERM | |
| Topical term or geographic name entry element | LANDLORD AND TENANT ACT 1954 S17 |
| 650 ## - SUBJECT ADDED ENTRY--TOPICAL TERM | |
| Topical term or geographic name entry element | TIFFANY INVESTMENTS LTD AND ANOTHER V BIRCHAM AND CO NOMINEES (NO 2 ) LTD AND OTHERS |
| 690 ## - LOCAL SUBJECT ADDED ENTRY--TOPICAL TERM (OCLC, RLIN) | |
| Topical term or geographic name as entry element | LANDLORD AND TENANT-LEASES-CASE LAW |
| 856 ## - ELECTRONIC LOCATION AND ACCESS | |
| Uniform Resource Identifier | <a href="https://www.courtservice.gov.uk/judgmentsfiles/j2129/tiffany.htm">https://www.courtservice.gov.uk/judgmentsfiles/j2129/tiffany.htm</a> |
| Public note | View on the Court Service website... |
| 942 ## - ADDED ENTRY ELEMENTS (KOHA) | |
| Suppress in OPAC | 0 |
| Withdrawn status | Lost status | Source of classification or shelving scheme | Damaged status | Not for loan | Home library | Current library | Shelving location | Date acquired | Total Checkouts | Full call number | Barcode | Date last seen | Copy number | Price effective from | Koha item type |
|---|---|---|---|---|---|---|---|---|---|---|---|---|---|---|---|
| Dewey Decimal Classification | London | London | Journal article | 11/02/2004 | ABS67438 | 124843-1001 | 06/08/2019 | 1 | 06/08/2019 | Law report | |||||
| Dewey Decimal Classification | Virtual | Virtual | Online | 11/02/2004 | ONLINE PUBLICATION | 124843-2001 | 06/08/2019 | 1 | 06/08/2019 | Law report |